00586nam a2200205Ia 4500008004100000020001700041040001400058082001800072100002500090245004100115260004200156300001200198365002700210366000800237440001700245505002000262620001600282630004100298730004100339100315s9999 xx 000 0 und d a8124203466  cENGLISH  b4479 a658  a"Sethi, Subhash C. " a25 Minutes to Enhance Your Decisions aNew Delhi bIndiana Books  c2003  a96p.   eRupees d1 b50.00  f0  a25 Minutes  gTushar Jadhav  aDecisions  a25 Minutes to Enhance Your Decisions a25 Minutes to Enhance Your Decisions